Odchod ľudí z mesta - prechodný či trvalý stav na Slovenku?
Problematika odchodu, úniku ľudí z mesta má svoju históriu, stručne z histórie problému. Postindustriálne mestá - kríza alebo transformácia. Sociálne a priestorové zmeny v mestách na Slovensku. Odchod z mesta - zdroje, motívy, súvislosti. Sociálne a kultúrne kontexty a dôsledky suburbanizácie na vid...
Uložené v:
| Hlavný autor: | |
|---|---|
| Médium: | Kapitola |
| Jazyk: | Slovak |
| Predmet: | |
| Tagy: |
Žiadne tagy, Buďte prvý, kto otaguje tento záznam!
|
MARC
| LEADER | 00000naa$a2200000$$$4500 | ||
|---|---|---|---|
| 001 | 0072417 | ||
| 005 | 20231121100517.3 | ||
| 041 | 0 | |a slo | |
| 044 | |a SK | ||
| 245 | 1 | 0 | |a Odchod ľudí z mesta - prechodný či trvalý stav na Slovenku? |c Peter Gajdoš |
| 520 | |a Problematika odchodu, úniku ľudí z mesta má svoju históriu, stručne z histórie problému. Postindustriálne mestá - kríza alebo transformácia. Sociálne a priestorové zmeny v mestách na Slovensku. Odchod z mesta - zdroje, motívy, súvislosti. Sociálne a kultúrne kontexty a dôsledky suburbanizácie na vidiecke prostredie. Ďalší vývoj suburbanizácie. | ||
| 610 | 2 | 0 | |a mestá |
| 610 | 2 | 0 | |a obyvateľstvo |
| 610 | 2 | 0 | |a migrácia |
| 610 | 2 | 0 | |a vidiek |
| 610 | 2 | 0 | |a Slovensko |
| 100 | 1 | |a Gajdoš, Peter | |